| 000 | 01082nam a2200289 a 4500 | ||
|---|---|---|---|
| 001 | |||
| 003 | DO-SdBNP | ||
| 005 | 20211228090206.0 | ||
| 008 | 091110s2009 dr a 001 0 spa d | ||
| 020 | _a9789945435221 | ||
| 040 |
_aDO-SdBNP _bspa _cBPMSU |
||
| 082 |
_aRD861.44 _bB171e 2009 _222 |
||
| 100 | 1 |
_a Balaguer, Joaquín, _d1906-2002 _92 |
|
| 245 | 1 | 0 |
_aEscritos juveniles en verso y en prosa / _cJoaquín Balaguer ; edición Cándido Gerón ; presentación Jorge Tena Reyes ; prólogo R. Vargas López Méndez. |
| 260 |
_aSanto Domingo : _bFundación Joaquín Balaguer, _c2009. |
||
| 300 |
_a749 p. : _bil. ; _c23 cm. |
||
| 500 | _aIncluye datos biográficos del autor en las solapas e índice onomástico | ||
| 504 | _aIncluye referencias bibliográficas y notas al pie de las páginas | ||
| 590 | _6Inventariado 2021/VM | ||
| 650 | 4 | _aPoesía dominicana | |
| 650 | 4 | _aEnsayos dominicanos | |
| 650 | 4 | _aLiteratura dominicana. | |
| 700 | 1 |
_aGerón, Candido, _d1950- _eed. |
|
| 700 | 1 |
_aLópez Méndez, R. Vargas, _epról. |
|
| 910 | _aVMateo V. | ||
| 942 |
_2ddc _cBK |
||
| 999 |
_c13929 _d13929 |
||